| 000 | 00609nam a2200253Ia 4500 | ||
|---|---|---|---|
| 008 | 210210b2008 xxu||||| |||| 00| 0 eng d | ||
| 041 | _aeng | ||
| 082 | _a032.02 SACC | ||
| 100 | _aSACHDEVA (S K) Ed | ||
| 245 | _aCompetition success review GK current affairs and whos who | ||
| 260 |
_aNew Delhi _bCompetition Review Pvt. Ltd. _c2008 |
||
| 300 | _a304 | ||
| 650 | _awhos | ||
| 650 | _awho | ||
| 650 | _asuccess | ||
| 650 | _areview | ||
| 650 | _aGK | ||
| 650 | _acurrent | ||
| 650 | _aCompetition | ||
| 650 | _aand | ||
| 650 | _aaffairs | ||
| 690 | _aGeneral Knowledge | ||
| 906 | _aSG05062 | ||
| 999 |
_c133381 _d133381 |
||